| 000 | 00895cam a22001814a 4500 | ||
|---|---|---|---|
| 005 | 20250605163430.0 | ||
| 008 | 250528s ||||||||||||||||||||||||d | ||
| 035 | _a19095 | ||
| 040 |
_aGR-AtMCL _bgre _dGR-AtMCL _eAACR2 |
||
| 245 | 1 | _aΠρακτικά Θέματα Εμπορικών Εταιριών | |
| 260 |
_bΑντ. Ν. Σάκκουλα, _c1989 |
||
| 300 | _a64 | ||
| 520 | _aΠρόλογος, Εισαγωγή, Κανόνες που Εφαρμόζονται σε Όλες Προσωπικές Εμπορικές Εταιρείες, Η Ομόρρυθμη Εταιρία, Η Ετερόρρυθμη Εταιρία, Η Αφανής Εταιρία, Οι Κεφαλαιουχικές Εταιρίες, Η Ανώνυμη Εταιρία, Η Εταιρία Περιορισμένης Ευθύνης. | ||
| 700 | 1 | _aΡοκας Νικ. Κ | |
| 942 | _cBK | ||
| 999 |
_c4376 _d4376 |
||